Maiores Cidades de Mato Grosso - Statistics

Estatísticas Gerais
  • Esse quiz foi jogado 512 vezes
  • A pontuação média é 11 de 20
Respostas no mapa
Respostas codificadas por cores de uma escala verde-vermelha no mapa do quiz de acordo com a % correta abaixo.
 
Estatísticas das Respostas
População Cidade % Correto
606.590 Cuiabá
100%
227.050 Rondonópolis
89%
121.030 Sinop
87%
283.100 Várzea Grande
87%
81.390 Sorriso
72%
63.020 Lucas do Rio Verde
67%
82.590 Cáceres
60%
45.150 Alta Floresta
58%
59.710 Primavera do Leste
57%
96.200 Tangará da Serra
55%
55.070 Barra do Garças
51%
38.260 Nova Mutum
45%
35.560 Juína
39%
38.320 Pontes e Lacerda
37%
36.880 Campo Verde
34%
27.870 Juara
33%
27.360 Colíder
32%
26.850 Guarantã do Norte
31%
33.530 Campo Novo do Parecis
28%
28.870 Barra do Bugres
23%
Nenhum quiz correspondente encontrado
Distribuição das Pontuações
Porcentagem de Pessoas com Cada Pontuação
Percentil de Números Respondidos
Sua Pontuação Histórica
Você não jogou esse quiz